| 000 | 00512nam a2200157 a 4500 | ||
|---|---|---|---|
| 001 | 000028363 | ||
| 005 | 20200930031557.0 | ||
| 008 | 110408s1984 dr a 000 0 spa d | ||
| 040 |
_aDO-SdBNP _bspa _cBNPHU |
||
| 082 |
_axxx _bU58 |
||
| 245 | 0 | 1 |
_aProyecto de universidad agraria de la UNPHU / _cpresentación Jaime A. Viñas Román. |
| 260 |
_aSanto Domingo : _bUniversidad Nacional Pedro Henríquez Ureña, _c1984. |
||
| 300 |
_a21 p. : _bil. ; _c22 cm. |
||
| 700 | 1 |
_aViñas Román, Jaime _935862 |
|
| 049 | _aBNPD | ||
| 999 |
_c27855 _d27855 |
||